| 000 | 00961cam a2200229 4500 | ||
|---|---|---|---|
| 001 | WB3613-27 | ||
| 008 | 000000n2000 000 0 eng u | ||
| 035 | _a(Sirsi) u105093 | ||
| 245 | _aChurch repairs | ||
| 260 | _c2000 | ||
| 490 |
_aDaily Telegraph _v29 March 2000, 9 |
||
| 490 |
_aIndependent _v29 March 2000, 9(2) |
||
| 520 | _aA High Court judge has ordered a landowner to honour an ancient liability to pay for repairs to the chancel of the local 13th century village church. The landowner's farm is a 'rectorial property' , making him a lay rector and people holding this title are liable for maintenance of the church chancel. This ancient custom is supported by the Chancel Repairs Act 1932. | ||
| 590 | _aWB | ||
| 650 | _aCHANCEL REPAIRS ACT 1932 | ||
| 650 | _aRECTORIAL PROPERTY | ||
| 650 | _aCHURCHES | ||
| 650 | _aBUILT ENVIRONMENT-BUILDING MAINTENANCE AND REFURBISHMENT | ||
| 650 | _aCOMMON LAW | ||
| 690 | _aPROPERTY | ||
| 942 | _n0 | ||
| 999 |
_c63032 _d63032 |
||